Đánh giá thực trạng sức khỏe học đường trên địa bàn quận 1, quận 4 và huyện Củ Chi : Luận văn Thạc sĩ - Chuyên ngành : Quản lý Tài nguyên và Môi trường

Αποθηκεύτηκε σε:
Λεπτομέρειες βιβλιογραφικής εγγραφής
Κύριος συγγραφέας: Nguyễn, Trần Anh Thư
Μορφή: Luận văn
Γλώσσα:Undetermined
Έκδοση: Trường Đại học Công Nghiệp Tp. Hồ Chí Minh 2020
Θέματα:
Ετικέτες: Προσθήκη ετικέτας
Δεν υπάρχουν, Καταχωρήστε ετικέτα πρώτοι!
Thư viện lưu trữ: Trung tâm Thư viện - Trường Đại học Công nghiệp TP. Hồ Chí Minh
LEADER 00789nam a2200157Ia 4500
001 UIH_01637
008 230809s9999 xx 000 0 und d
082 |a 628 
100 |a Nguyễn, Trần Anh Thư 
245 0 |a Đánh giá thực trạng sức khỏe học đường trên địa bàn quận 1, quận 4 và huyện Củ Chi : Luận văn Thạc sĩ - Chuyên ngành : Quản lý Tài nguyên và Môi trường 
245 0 |c Nguyễn, Trần Anh Thư 
260 |b Trường Đại học Công Nghiệp Tp. Hồ Chí Minh 
260 |c 2020 
650 |a Quản lý môi trường;Môi trường học tập 
927 |a Luận văn 
980 |a Trung tâm Thư viện - Trường Đại học Công nghiệp TP. Hồ Chí Minh